000 00710nam a2200265Ia 4500
005 20250425162753.0
008 250425s9999 xx 000 0 und d
020 _a9978433465
041 _aspa
043 _aec
082 _a339.53
100 _aBECKERMAN, RAUL
245 0 _aCRISIS Y DOLARIZACION EN EL ECUADOR: ESTABILIDAD, CRECIMIENTO Y EQUIDAD SOCIAL
250 _aS.E.
260 _aEcuador
_bBANCO MUNDIAL
_c2003
260 _aQUITO
300 _a246
650 _aDOLARIZACION-ECUADOR
650 _aECUADOR-CONDICIONES ECONOMICAS
650 _aECUADOR-CONDICIONES SOCIALES
650 _aPOLITICA MONETARIA-ECUADOR
700 _aSOLIMANO, ANDRES
942 _c01
010 _a107392
999 _c236063
_d236063